000 01141nam a2200325 a 4500
001 609341
003 ARRUPE
005 20160404123501.0
008 911121s1991 enka 001 0 eng
010 _a 91219178
020 _a0862329167
020 _a0862329175 (pbk.)
040 _aDLC
_cDLC
043 _ama-----
_af------
050 0 0 _aPN1993.5A65
_bM3 1991
082 0 0 _a791.43/0917/5927
_220
100 1 _aMalkmus, Lizbeth.
_923533
245 1 0 _aArab and African film making /
_cLizbeth Malkmus and Roy Armes.
260 _aLondon ;
_aAtlantic Highlands, N.J., USA :
_bZed Books,
_c1991.
300 _aix, 264 p.;
_bill. ;
_c23 cm.
500 _aCover title: Arab & African film making.
504 _aIncludes bibliographical references (p. 237-258) and index.
650 0 _aMotion pictures
_zArab countries.
_923534
650 0 _aMotion pictures
_zAfrica.
_923010
700 1 _aArmes, Roy.
_923535
740 0 _aArab & African film making.
906 _a7
_bcbc
_corignew
_d2
_encip
_f19
_gy-gencatlg
942 _2lcc
_cMONOGRAPH
999 _c124528
_d124528